Ubiquitous computing and communication journal

Bibliographic Details
Format: Electronic Journal
Language:English
Published: Suwŏn-si, Korea : Ubiquitous Computing and Communication Journal (UbiCC Journal)
Subjects:
Online Access:Full text available from Research Library: 01/01/2012 to 05/31/2013

MARC

LEADER 00000nas a2200000 i 4500
001 ssj0001078612
003 WaSeSS
005 20200512172242.0
006 m d
007 cr n
008 140109u20uuuuuuko b| p|s|||||| |0eng d
022 |a 1992-8424  |l 1994-4608 
035 |a (WaSeSS)ssj0001078612 
040 |a WaSeSS  |b eng  |c WaSeSS  |d WaSeSS 
050 1 4 |a QA75.5 
210 1 |a Ubiquitous Comput. Commun. j. 
222 0 |a Ubiquitous Computing and Communication journal 
245 0 0 |a Ubiquitous computing and communication journal  |h [electronic resource]. 
260 |a Suwŏn-si, Korea :  |b Ubiquitous Computing and Communication Journal (UbiCC Journal) 
310 |a Bimonthly 
506 |a License restrictions may limit access. 
588 |a Description based on: Volume 7, Number 1 (2012); title from article pdf (ProQuest, viewed Jan. 9, 2014). 
588 |a Latest issue consulted: Volume 7, Number 1 (2012) (viewed Jan. 9, 2014). 
650 0 |a Computers  |v Periodicals. 
655 0 |a Electronic journals. 
776 0 8 |i Print version:  |t Ubiquitous computing and communication journal  |x 1994-4608 
856 4 0 |z Full text available from Research Library: 01/01/2012 to 05/31/2013  |u https://search.proquest.com/publication/1606369